| 000 | 00693nam a2200253 a 4500 | ||
|---|---|---|---|
| 001 | adlib96000001 | ||
| 003 | ViArRB | ||
| 005 | 200902210153555.7 | ||
| 008 | 960221s1955 dcuabcdjdbkoqu001 0deng d | ||
| 020 | _a92-4-153054-5 | ||
| 022 | _a | ||
| 040 | _aAdlib | ||
| 082 | _a614.878 | ||
| 245 | _aIPCS: Ethylene oxide | ||
| 250 | _a | ||
| 260 |
_aGeneva _bWorld Health Organisation _c2003 |
||
| 300 |
_aiv, 57p. _c |
||
| 500 | _a | ||
| 100 |
_a _e |
||
| 700 |
_a _a |
||
| 942 | _cBK | ||
| 653 |
_aEthylene oxide- toxicity _aRisk assessment _aEnvironmental exposure |
||
| 952 |
_w2010-06-16 _pG0008340 _r2010-06-16 _40 _00 _bUL _10 _o614.878 WHO.54 _d2010-06-16 _70 _yBK _aUL |
||
| 999 |
_c48629 _d48628 |
||